Levi's Hog Fattening Project/ (Record no. 79888)
[ view plain ]
| 000 -LEADER | |
|---|---|
| fixed length control field | 02270nam a22002417a 4500 |
| 003 - CONTROL NUMBER IDENTIFIER | |
| control field | URS |
| 005 - DATE AND TIME OF LATEST TRANSACTION | |
| control field | 20240511001034.0 |
| 008 - FIXED-LENGTH DATA ELEMENTS--GENERAL INFORMATION | |
| fixed length control field | 240511b |||||||| |||| 00| 0 eng d |
| 050 00 - LIBRARY OF CONGRESS CALL NUMBER | |
| Classification number | LG 221.R59.L5621 |
| Item number | 2019 |
| 100 1# - MAIN ENTRY--PERSONAL NAME | |
| Personal name | Lerio, Keren Kate T. |
| Relator term | Researcher |
| 245 10 - TITLE STATEMENT | |
| Title | <a href="Levi's Hog Fattening Project/">Levi's Hog Fattening Project/</a> |
| Statement of responsibility, etc | Keren Kate T. Lerio [and] Nicasio A. Vipinosa III |
| 260 ## - PUBLICATION, DISTRIBUTION, ETC. (IMPRINT) | |
| Date of publication, distribution, etc | 2019 |
| 300 ## - PHYSICAL DESCRIPTION | |
| Extent | xii, 100 leaves |
| Other physical details | illustrations, |
| Dimensions | 28 cm |
| 336 ## - CONTENT TYPE | |
| Source | rdacontent |
| Content type term | media |
| 337 ## - MEDIA TYPE | |
| Source | rdamedia |
| Media type term | unmediated |
| 338 ## - CARRIER TYPE | |
| Source | rdacarrier |
| Carrier type term | volume |
| 502 ## - DISSERTATION NOTE | |
| Dissertation note | Project Development Report |
| Degree type | Bachelor of Agricultural Technology |
| Name of granting institution | University of Rizal System, Rodriguez, Rizal<br/> |
| Year degree granted | 2019 |
| 520 ## - SUMMARY, ETC. | |
| Summary, etc | The Project Development Report entitled Levi's Hog Fattening Project. The "Levi" was derived from the name of the proponents to easily recognize the owner of the project. The project was conducted in one cycle operation, which was started on August 27, 2018 and was terminated on December 23, 2018.<br/><br/>The operation was managed by the proponents namely Keren Kate T Lerio and Nicasio A. Vipinosa III. It was implemented at Mt Pinatubo Amityville, San Jose Rodriguez, Rizal. The site had an existing pigpen, electricity, and water supply. The area of the pen was six square meter (6.0m²) with a dimension of three meters (3m) by two meters (2m). The space requirement of point seventy- five square meters (0.75m²) per head for hog made the area suited for the<br/><br/>project.<br/><br/>Supplies like feeds and vitamins, medicines cleaning materials such as dustpan, broomstick, chlorine, detergents and other materials used for the implementation of the project were canvassed and purchased at Montalban Poultry Supply and San Jose Public Market. A week before transferring the stocks to the pen the proponents did the cleaning and disinfection of the pigpen.<br/><br/>The canvassing, selection and purchasing of stocks was done at Relocation, Amityville San Jose Rodriguez, Rizal. The proponents purchased the stocks on September 7, 2018. The stocks were composed of eight (😎 heads crossbred of Landrace and Duroc. The cost per head of hog was two thousand |
| 650 ## - SUBJECT ADDED ENTRY--TOPICAL TERM | |
| Source of heading or term | fats and project |
| 700 ## - ADDED ENTRY--PERSONAL NAME | |
| Personal name | Nicasio A. Vipinosa III |
| Relator term | Researcher |
| 700 ## - ADDED ENTRY--PERSONAL NAME | |
| Personal name | Sherwin C. Cababat |
| Relator term | Adviser |
| 942 ## - ADDED ENTRY ELEMENTS (KOHA) | |
| Source of classification or shelving scheme | Library of Congress Classification |
| Koha item type | Theses and dissertations |
| Withdrawn status | Source of classification or shelving scheme | Damaged status | Not for loan | Home library | Current library | Shelving location | Date acquired | Total Checkouts | Full call number | Barcode | Date last seen | Copy number | Price effective from | Koha item type |
|---|---|---|---|---|---|---|---|---|---|---|---|---|---|---|
| Library of Congress Classification | Not For Loan | Rodriguez College Library | Rodriguez College Library | Undergraduate Theses | 05/10/2024 | LG 221.R59.L5621 2019 | URSROD-PDR-BAT-0327 | 05/11/2024 | c1 | 05/11/2024 | Theses and dissertations |